00350nam a22001457a 4500003000400000005001700004008004100021020001800062040000700080082000800087100002100095245003700116260002500153300002600178OSt20220104140437.0220104b |||||||| |||| 00| 0 eng d a9780558381585 cHU a510 aTannenbaum Peter aExcursions in Modern Mathematics aBostonbCostomc2010 axxi, 679 pbpcc26 cm